{"text_format":"2","workbook":"xlsx","n_sheets":10,"sheets":["PFP","PFP1.1_Topo","PFP1.2_Geo","PFP2.1_FatorKa","PFP2.2_FatorKb","PFP2.3_FatorKc","PFP3_FatorKd","CRO1_Ins-Pro","CRO2_Ins-Mes","CRONOGRAMA FIS-FIN"],"not_rendered":{"charts":0,"images":2,"macros":0,"external_links":1,"defined_names":9,"comments":0,"pivot_tables":0},"unopened":[],"bounds":{"document_bytes":16777216,"sheet_cells":100000,"run_cost":"one","rows_first":2000,"rows_last":500,"rows_between":2000,"halvings":0,"cell_chars":16384,"cell_head_chars":4096},"cells_cut":0,"cells_raw":0,"read":"whole","date_system":"1900"}

{"sheet":"PFP","index":0,"n_rows":31,"n_cols":11,"rows_kept":31,"cut":false,"hidden":false,"merged":[[0,9,0,10],[1,9,1,10],[2,0,2,10],[3,0,3,10],[4,0,4,4],[4,5,4,8],[4,9,4,10],[0,0,1,8],[5,0,5,4],[5,5,5,8],[5,9,5,10],[14,0,14,6],[14,7,14,10],[15,0,15,6],[15,7,15,10],[16,0,16,6],[16,7,16,10],[17,0,17,6],[17,7,17,10],[18,0,18,6],[18,7,18,10],[19,0,19,10],[20,0,20,10],[21,0,21,10],[27,0,27,10],[28,0,28,10],[29,0,29,10],[30,0,30,10],[22,0,22,10],[23,0,23,10],[24,0,24,10],[25,0,25,10],[26,0,26,10]]}
["PROPOSTA FINANCEIRA DO PROJETO",{"$nulls":8},"CODIGO:"]
[{"$nulls":9},"PFP"]
["NOME DA CONSULTORA:"]
[]
["PROJETO:",{"$nulls":4},"CONTRATANTE:",null,null,null,"BASE:"]
["CONTRATAÇÃO DE EMPRESA ESPECIALIZADA PARA A COMPLEMENTAÇÃO DOS ESTUDOS PRELIMINARES E CONSOLIDAÇÃO DO PROJETO RODOVIÁRIO DO RAMAL DO MANGA NO ESTADO AMAPÁ.",{"$nulls":4},"CODEVASF (11ª/SR - AP)",null,null,null,"SICRO/AP-OUT/2022; TABELA CONSULTIVA DNIT-OUT/2022"]
["Base","Cod2","Cod3","Categoria / Insumo","Uni","Qde","CUD","PU","FatorK","CT","PT"]
["SICRO","MO3","P0","Engenheiro coordenador (P8061)","mês",{"$f":"'CRO1_Ins-Pro'!D5","v":1.4},16922.669999999998,{"$f":"ROUND(I8*G8,2)","v":22632.38},{"$f":"PFP2.3_FatorKc!E36","v":1.3373999999999999},{"$f":"ROUND(F8*G8,2)","v":23691.74},{"$f":"ROUND(F8*H8,2)","v":31685.33}]
["SICRO","MO1","P2","Engenheiro pleno (P8066)","mês",{"$f":"'CRO1_Ins-Pro'!D6","v":5.5},11127.03,27353.58,{"$f":"PFP2.1_FatorKa!$E$36","v":2.4582999999999999},61198.67,150444.69]
["SICRO","MO1","P3","Engenheiro júnior (P8065)","mês",{"$f":"'CRO1_Ins-Pro'!D7","v":5},10302,25325.41,{"$f":"PFP2.1_FatorKa!$E$36","v":2.4582999999999999},51510,126627.05]
["SICRO","MO1","T1","Técnico de projetos/obra (P8147)","mês",{"$f":"'CRO1_Ins-Pro'!D8","v":5},3038.5,7469.54,{"$f":"PFP2.1_FatorKa!$E$36","v":2.4582999999999999},15192.5,37347.699999999997]
["SICRO","MO1","D","Desenhista (P9848)","mês",{"$f":"'CRO1_Ins-Pro'!D9","v":3.75},3063.9445999999998,7532.1,{"$f":"PFP2.1_FatorKa!$E$36","v":2.4582999999999999},11489.79,28245.38]
["CODE","SU","TOP","Serviços Cartográficos","un",1,"-",{"$f":"PFP1.1_Topo!G21","v":83271.819999999992},"-","-",{"$f":"ROUND(F13*H13,2)","v":83271.820000000007}]
["CODE","SU","GEO","Serviços Geotécnicos","un",1,"-",{"$f":"PFP1.2_Geo!G34","v":90105.090000000011},"-","-",{"$f":"ROUND(F14*H14,2)","v":90105.09}]
["TOTAL DOS CUSTOS DIRETOS",{"$nulls":6},{"$f":"SUM(J8:J14)","v":163082.70000000001}]
["TOTAL DOS ENCARGOS E DISPESAS DIVERSAS",{"$nulls":6},{"$f":"H17-H15","v":211267.45}]
["TOTAL DA PROPOSTA A PREÇO GLOBAL",{"$nulls":6},{"$f":"SUM(K8:K12)","v":374350.15}]
["TOTAL DA PROPOSTA A PREÇO UNITÁRIO",{"$nulls":6},{"$f":"K13+K14","v":173376.91}]
["TOTAL DA PROPOSTA",{"$nulls":6},{"$f":"H18+H17","v":547727.06000000006}]
["OBSERVAÇÃO:"]
["Alocar os Insumos MO, com respectivo FatorK, dentro da categoria de vínculo contratual (celetista, autonomo, societario)"]
["Uni - unidade de medição do insumo;"]
["Qde - Quantidade do Insumo (não pode ocorrer alteração pela Licitante)"]
["CUD - Custo Unitário Direto do Insumo (sem encargos, taxas e impostos, valor não pode ser maior que o Orçado pela Codevasf)"]
["CT - Custo Total (sem encargos, taxas e impostos) - CT = Qde x CUD"]
["FatorK - Taxa de Ressarcimento de Despesas e Encargos (detalhar composição nas Planilhas \"PFP2.1\", \"PFP2.2\", \"PFP3\")"]
["PU - Preço Unitário do Insumo (incluído encargos, taxas e impostos) - PU = CUD x FatorK"]
["PT - Preço Total do Insumo (incluído encargos, taxas e impostos) - PT = Qde x PU"]
["P - Profissionais nível superior nas áreas de Engenharia, Química, Arquitetura, Agronomia e Veterinária, conforme disposições da Lei 4.950-A/66"]
["T - Profissionais de nível médio técnico nas diversas áreas de atuação"]
["D - Profissionais de nível médio de apoio técnico"]

{"sheet":"PFP1.1_Topo","index":1,"n_rows":26,"n_cols":13,"rows_kept":26,"cut":false,"hidden":false,"merged":[[25,0,25,6],[0,0,1,5],[20,0,20,5],[21,0,21,6],[22,0,22,6],[23,0,23,6],[24,0,24,6],[2,0,2,6],[3,0,3,6],[4,0,4,3],[4,4,4,5],[5,0,5,3],[5,4,5,5]]}
["SERVIÇOS TOPOGRÁFICOS/CARTOGRÁFICOS",{"$nulls":5},"CODIGO:"]
[{"$nulls":6},"PFP-1.1"]
["NOME DA EMPRESA:"]
[]
["PROJETO:",null,null,null,"CONTRATANTE:",null,{"$f":"PFP!J5","v":"BASE:"}]
[{"$f":"PFP!A6","v":"CONTRATAÇÃO DE EMPRESA ESPECIALIZADA PARA A COMPLEMENTAÇÃO DOS ESTUDOS PRELIMINARES E CONSOLIDAÇÃO DO PROJETO RODOVIÁRIO DO RAMAL DO MANGA NO ESTADO AMAPÁ."},null,null,null,"CODEVASF (XXXX)",null,{"$f":"PFP!J6","v":"SICRO/AP-OUT/2022; TABELA CONSULTIVA DNIT-OUT/2022"}]
["Cod.","Base","Insumos","Uni","Qde","Preço Unitário (PU)","Preço Total (PT)",null,"Valor (R$)","Código","Referência","Objeto","Data"]
["TP01","CODE","Nivelamento Geométrico dos Eixos classe IIN","km",7,1017.12,{"$f":"ROUND(F8*E8,2)","v":7119.84},null,null,null,"Tabela de Engenharia Consultiva da Codevasf "]
["TP02","CODE","Seções Tranversais","km",7,{"$f":"I9","v":4660},{"$f":"ROUND(F9*E9,2)","v":32620},null,{"$f":"4.66*1000","v":4660},9164,"ORSE","Locação topográfica com nivelamento de seções transversais de serviços de terraplenagem, inclusive conferências","2022-11-01"]
["TP03","CODE","Poligonal Classe IIP","km",7,{"$f":"I10","v":1215.57},{"$f":"ROUND(F10*E10,2)","v":8508.99},null,1215.57,"01.016.0035-0","EMOP","LANCAMENTO DE LINHA POLIGONAL,COM PRECISAO DE FECHAMENTO REL ATIVO A 3ª ORDEM,EM TERRENO DE OROGRAFIA ACIDENTADA E VEGETA CAO RALA","2022-12-01"]
["TP04","CODE","Pontos GPS de dupla frequencia (L1/L2)","un ",6,{"$f":"I11","v":1153.1300000000001},{"$f":"ROUND(F11*E11,2)","v":6918.78},null,1153.1300000000001,"01.20.921","CPOS","Implantação de marcos através de levantamento com GPS (mínimo de 3 marcos)","2022-11-01"]
["TP05","CODE","Cadastro Físico","ha ",14,13.99,{"$f":"ROUND(F12*E12,2)","v":195.86},null,null,null,"Tabela de Engenharia Consultiva da Codevasf "]
["TP06","CODE","Cadastro Agrícola","ha ",14,4.66,{"$f":"ROUND(F13*E13,2)","v":65.239999999999995},null,null,null,"Tabela de Engenharia Consultiva da Codevasf "]
["TP07","CODE","Cadastro Jurídico","ha ",14,9.33,130.62,null,null,null,"Tabela de Engenharia Consultiva da Codevasf "]
["TP08","CODE","Cadastro Socioeconomico","ha ",14,3.11,43.54,null,null,null,"Tabela de Engenharia Consultiva da Codevasf "]
["TP09","CODE","Levantamento Planialtimetrico com RPA (VANT)","un ",1,11520.25,11520.25]
["TP10","CODE","Marco de Concreto (12x18x60cm)","un ",6,{"$f":"I17","v":58},{"$f":"ROUND(F17*E17,2)","v":348},null,58,4707,"ORSE","Implantação de marco de concreto"]
["TP11","CODE","Barrote de Madeira (10x10x50cm)","un ",80,{"$f":"I18","v":50.93},{"$f":"ROUND(F18*E18,2)","v":4074.4},null,50.93,7587,"ORSE","Cimbramento de madeira com barrotes seção 6x6cm, para estruturas altas ou Reservatórios, sem rampa","2022-11-01"]
["TP12","CODE","Piquetes de Madeira (2x2x20cm)","un ",700,{"$f":"I19","v":2.157142857142857},{"$f":"ROUND(F19*E19,2)","v":1510},null,2.157142857142857,924,"ORSE","Estacas de madeira para demarcação, seção 5x5cm, altura 50 cm","2022-11-01"]
["TP13","CODE","Picada Manual p/ levantamento TP","km",5,{"$f":"I20","v":2043.26},{"$f":"ROUND(F20*E20,2)","v":10216.299999999999},null,2043.26,"01.005.0014-A","EMOP","ABERTURA DE PICADAS EM TERRENO QUE EXIJA ALEM DO USO DE FACAO E FOICE,TAMBEM MACHADO E MOTOSSERRA","2022-12-01"]
["TOTAL SERVIÇOS TOPOGRÁFICOS",{"$nulls":5},{"$f":"SUM(G8:G20)","v":83271.819999999992}]
["OBSERVAÇÃO:"]
["Uni - unidade de medição do insumo;"]
["Qde - Quantidade do Insumo (não pode ocorrer alteração pela Licitante)"]
["PU - Preço Unitário (composições padrão da Codevasf, já incluso o FatorK)"]
["PT - Preço Total (incluído encargos, taxas e impostos) - PT = Qde x PU"]

{"sheet":"PFP1.2_Geo","index":2,"n_rows":49,"n_cols":14,"rows_kept":49,"cut":false,"hidden":false,"merged":[[38,0,38,6],[0,0,1,5],[33,0,33,5],[34,0,34,6],[35,0,35,6],[36,0,36,6],[37,0,37,6],[2,0,2,6],[3,0,3,6],[4,0,4,3],[4,4,4,5],[5,0,5,3],[5,4,5,5]]}
["SERVIÇOS GEOLÓGICOS/GEOTÉCNICOS",{"$nulls":5},"CODIGO:"]
[{"$nulls":6},"PFP-1.2"]
["NOME DA EMPRESA:"]
[]
["PROJETO: ",null,null,null,"CONTRATANTE:",null,{"$f":"PFP!J5","v":"BASE:"}]
[{"$f":"PFP!A6","v":"CONTRATAÇÃO DE EMPRESA ESPECIALIZADA PARA A COMPLEMENTAÇÃO DOS ESTUDOS PRELIMINARES E CONSOLIDAÇÃO DO PROJETO RODOVIÁRIO DO RAMAL DO MANGA NO ESTADO AMAPÁ."},null,null,null,"CODEVASF (XXXXXX)",null,{"$f":"PFP1.1_Topo!G6","v":"SICRO/AP-OUT/2022; TABELA CONSULTIVA DNIT-OUT/2022"}]
["Cod.","Base","Insumos","Uni","Qde","Preço Unitário (PU)","Preço Total (PT)"]
["GT 1","CODE","Sondagem a Percussão SPT"]
["GT1.1","CODE","Sondagem Percussão: (Des)Mobilização","un",1,{"$f":"J9","v":999.49},{"$f":"E9*F9","v":999.49},null,null,999.49,"95.01.01","SUDECAP/INSUMO","MOBILIZAÇÃO, INSTALAÇÃO E DESMOBILIZAÇÃO, PARA EXECUÇÃO DE SONDAGEM À PERCUSSÃO (NBR 6484:2020)","2022-12-01"]
["GT1.2","CODE","Sondagem Percursão: com SPT - Terrestre","m",105,{"$f":"J10","v":94.06},{"$f":"E10*F10","v":9876.3000000000011},null,null,94.06,"A.07.000.020483","CPOS/INSUMO","Sondagem a percussão, inclusive as peças gráficas e relatórios pertinentes mínimo de 30m","2022-11-01"]
["GT3","CODE","Sondagem a Trado manual","m",80,63.5,{"$f":"F11*E11","v":5080},null,null,"63,50\t","E200320101","EMBASA/INSUMO","SONDAGEM A TRADO MANUAL","2023-01-01"]
["GT4","CODE","Ensaios: "]
["GT4.1","CODE","Ensaios de solo"]
["GT4.2.1","CODE","Ensaio: Umidade Natural ","un",40,{"$f":"J14","v":68.87},{"$f":"E14*F14","v":2754.8},null,null,68.87,"E200340122","EMBASA/INSUMO","ENSAIO DE UMIDADE NATURAL (ESTUFA)","2023-01-01"]
["GT4.2.2","CODE","Ensaio: Densidade Natural","un",40,49.02,1960.8000000000002,null,null,49.02,"01.001.0091-A","EMOP/COMPOSIÇÃO","DENSIDADE APARENTE(AGREGADO MIUDO)","2022-12-01"]
["GT4.2.3","CODE","Ensaio: Limite de Liquidez","un",40,140,5600,null,null,140,4683,"ORSE/COMPOSIÇÃO","Ensaio - Limite de liquidez","2022-11-01"]
["GT4.2.4","CODE","Ensaio: Limite de Plasticidade","un",40,140,5600,null,null,140,4684,"ORSE/COMPOSIÇÃO","Ensaio - Limite de plasticidade","2022-11-01"]
["GT4.2.5","CODE","Ensaio: Granulometria por Peneiramento","un",48,140,6720,null,null,140,4682,"ORSE/COMPOSIÇÃO","Ensaio - Granulometria por peneiramento","2022-11-01"]
["GT4.2.6","CODE","Ensaio: Granulometria por Sedimentação","un",48,121.44,5829.12,null,null,121.44,"01.07.07U","COMPESA/COMPOSIÇÃO","ENSAIO DE GRANULOMETRIA POR PENEIRAMENTO E SEDIMENTAÇÃO - SOLOS","2022-07-01"]
["GT4.2.7","CODE","Ensaio: Massa Especifica Real dos Grãos","un",40,65.78,2631.2,null,null,65.78,"34.01.16","EMBASA/COMPOSIÇÃO","\tMASSA ESPECIFICA REAL DOS GRAOS","2023-01-01"]
["GT4.2.8","CODE","Ensaio: Massa Específica Aparente \"in situ\"","un",40,150,6000,null,null,"150,00\t","97.01.03","SUDECAP/INSUMO","MASSA ESPECÍFICA, MASSA ESPECÍFICA APARENTE E ABSORÇÃO DE ÁGUA (NBR 6458:2016)","2022-12-01"]
["GT4.2.9","CODE","Ensaio: Compactação Proctor Normal","un",40,{"$f":"J22","v":163.57},6542.7999999999993,null,null,163.57,"34.01.25","EMBASA/COMPOSIÇÃO","ENSAIO DE COMPACTACAO - PROCTOR NORMAL (NBR - 07182)","2023-01-01"]
["GT4.2.10","CODE","Ensaio: índice de Suporte California ","un",40,223.84,8953.6,null,null,"223,84\t","34.01.34","EMBASA/COMPOSIÇÃO","ENSAIO DE INDICE DE SUPORTE CALIFORNIA (NBR 09895)","2023-01-01"]
["GT4.3","CODE","Ensaios de Expansão"]
["GT4.3.1","CODE","Ensaio: Expansão colapsividade em aneis","un",16,{"$f":"J25","v":422.08},{"$f":"E25*F25","v":6753.28},null,null,422.08,null,"Tabela de Engenharia Consultiva da Codevasf "]
["GT4.3.2","CODE","Ensaio: Determinação da pressão de expansão","un",16,{"$f":"J26","v":318.79000000000002},{"$f":"F26*E26","v":5100.6400000000003},null,null,318.79000000000002,null,"Tabela de Engenharia Consultiva da Codevasf "]
["GT4.4","CODE","Ensaios de Análise da Areia"]
["GT4.4.1","CODE","Ensaio: Teor de Matéria Orgânica","un",10,200,{"$f":"E28*F28","v":2000},null,null,"200,00\t","34.05.30","EMBASA","ENSAIO DE TEOR DE MATÉRIA ORGÂNICA","2023-01-01"]
["GT4.4.2","CODE","Ensaio: Equivalente Areia ","un",10,{"$f":"J29","v":226.93},{"$f":"E29*F29","v":2269.3000000000002},null,null,226.93,"01.001.0009-0","EMOP","EQUIVALENTE DE AREIA","2022-12-01"]
["GT4.5","CODE","Ensaios de Material Pétreo"]
["GT4.5.1","CODE","Ensaio: Abrasão los Angeles ","un",8,{"$f":"J31","v":268.45},{"$f":"E31*F31","v":2147.6},null,null,268.45,"01.07.13U","COMPESA","ENSAIO DE ABRASÃO LOS ANGELES - AGREGADOS","2022-07-01"]
["GT4.5.2","CODE","Ensaio: Índice de Forma","un",8,{"$f":"J32","v":230.77},{"$f":"E32*F32","v":1846.16},null,null,230.77,4690,"ORSE","Ensaio - Índice de forma","2022-11-01"]
["GT4.5.4","CODE","Ensaio: Adesividade","un",8,180,{"$f":"E33*F33","v":1440},null,null,"180,00\t","96.01.29","SUDECAP","VERIFICAÇÃO DA ADESIVIDADE DE AGREGADO GRAUDO AO LIGANTE BETUMINOSO (NBR 12583:2017)","2022-12-01"]
["TOTAL SERVIÇOS GEOTÉCNICOS",{"$nulls":5},{"$f":"SUM(G9:G33)","v":90105.090000000011}]
["LEGENDA:"]
["Uni - unidade de medição do insumo;"]
["Qde - Quantidade do Insumo (não pode ocorrer alteração pela Licitante)"]
["PU - Preço Unitário (composições padrão da Codevasf, já incluso o FatorK)"]
["PT - Preço Total (incluído encargos, taxas e impostos) - PT = Qde x PU"]
[]
[]
[]
[]
[]
[null,null,"Ensaio: Umidade Natural ",null,68.87,"E200340122","EMBASA","ENSAIO DE UMIDADE NATURAL (ESTUFA)","2023-01-01"]
[null,null,"Ensaio: Densidade Natural",null,49.02,"01.001.0091-A","EMOP","DENSIDADE APARENTE(AGREGADO MIUDO)","2022-10-01"]
[null,null,"Ensaio: Limite de Liquidez",null,140,4683,"ORSE","Ensaio - Limite de liquidez","2022-09-01"]
[null,null,"Ensaio: Limite de Plasticidade",null,140,4684,"ORSE","Ensaio - Limite de plasticidade","2022-11-01"]
[null,null,"Ensaio: Granulometria por Peneiramento",null,140,4682,"ORSE","Ensaio - Granulometria por peneiramento","2022-11-01"]

{"sheet":"PFP2.1_FatorKa","index":3,"n_rows":41,"n_cols":6,"rows_kept":41,"cut":false,"hidden":false,"merged":[[2,0,2,5],[3,0,3,5],[4,2,4,4],[5,0,5,1],[5,2,5,4],[6,1,6,3],[7,1,7,3],[8,1,8,3],[9,1,9,3],[10,1,10,3],[11,1,11,3],[12,1,12,3],[13,1,13,3],[14,1,14,3],[15,1,15,3],[22,1,22,3],[23,1,23,3],[24,1,24,3],[25,1,25,3],[16,1,16,3],[17,1,17,3],[18,1,18,3],[19,1,19,3],[20,1,20,3],[37,0,37,5],[38,0,38,5],[39,0,39,5],[40,0,40,5],[0,0,1,4],[31,1,31,3],[32,1,32,3],[33,1,33,3],[34,1,34,3],[35,1,35,3],[26,1,26,3],[27,1,27,3],[28,1,28,3],[29,1,29,3],[30,1,30,3],[21,1,21,3]]}
["DETALHAMENTO DOS ENCARGOS SOCIAIS: Ka",{"$nulls":4},"CODIGO:"]
[{"$nulls":5},"PFP-2.1"]
["NOME DA CONSULTORA:"]
[]
["PROJETO:",null,"CONTRATANTE:",null,null,{"$f":"PFP!J5","v":"BASE:"}]
[{"$f":"PFP!A6","v":"CONTRATAÇÃO DE EMPRESA ESPECIALIZADA PARA A COMPLEMENTAÇÃO DOS ESTUDOS PRELIMINARES E CONSOLIDAÇÃO DO PROJETO RODOVIÁRIO DO RAMAL DO MANGA NO ESTADO AMAPÁ."},null,"CODEVASF (SEDE)",null,null,"SINAPI/AP: Out/2021"]
["Cod","DESCRIÇÃO",null,null,"%","R$"]
["A","ENCARGOS SOCIAIS BÁSICOS",null,null,{"$f":"ROUND(SUM(E9:E17),4)","v":0.36799999999999999},{"$f":"ROUND(E8*SUMIF(PFP!$B$8:$B$14,\"MO1\",PFP!$J$8:$J$14),2)","v":51295.87}]
["A1","INSS",null,null,0.2,{"$f":"ROUND(E9*SUMIF(PFP!$B$8:$B$14,\"MO1\",PFP!$J$8:$J$14),2)","v":27878.19}]
["A2","SESI",null,null,1.4999999999999999E-2,{"$f":"ROUND(E10*SUMIF(PFP!$B$8:$B$14,\"MO1\",PFP!$J$8:$J$14),2)","v":2090.86}]
["A3","SENAI",null,null,0.01,{"$f":"ROUND(E11*SUMIF(PFP!$B$8:$B$14,\"MO1\",PFP!$J$8:$J$14),2)","v":1393.91}]
["A4","INCRA",null,null,2E-3,{"$f":"ROUND(E12*SUMIF(PFP!$B$8:$B$14,\"MO1\",PFP!$J$8:$J$14),2)","v":278.77999999999997}]
["A5","SEBRAE",null,null,6.0000000000000001E-3,{"$f":"ROUND(E13*SUMIF(PFP!$B$8:$B$14,\"MO1\",PFP!$J$8:$J$14),2)","v":836.35}]
["A6","Salário Educação",null,null,2.5000000000000001E-2,{"$f":"ROUND(E14*SUMIF(PFP!$B$8:$B$14,\"MO1\",PFP!$J$8:$J$14),2)","v":3484.77}]
["A7","Seguro Contra Acidentes de Trabalho",null,null,0.03,{"$f":"ROUND(E15*SUMIF(PFP!$B$8:$B$14,\"MO1\",PFP!$J$8:$J$14),2)","v":4181.7299999999996}]
["A8","FGTS",null,null,0.08,{"$f":"ROUND(E16*SUMIF(PFP!$B$8:$B$14,\"MO1\",PFP!$J$8:$J$14),2)","v":11151.28}]
["A9","Seconci",null,null,0,{"$f":"ROUND(E17*SUMIF(PFP!$B$8:$B$14,\"MO1\",PFP!$J$8:$J$14),2)","v":0}]
["B"," ENCARGOS SOCIAIS QUE RECEBEM INCIDÊNCIA DE \"A\"",null,null,{"$f":"ROUND(SUM(E19:E25),4)","v":0.25829999999999997},{"$f":"ROUND(E18*SUMIF(PFP!$B$8:$B$14,\"MO1\",PFP!$J$8:$J$14),2)","v":36004.68}]
["B3","Auxílio Enfermidade",null,null,8.8999999999999999E-3,{"$f":"ROUND(E19*SUMIF(PFP!$B$8:$B$14,\"MO1\",PFP!$J$8:$J$14),2)","v":1240.58}]
["B4","13º Salário",null,null,0.112,{"$f":"ROUND(E20*SUMIF(PFP!$B$8:$B$14,\"MO1\",PFP!$J$8:$J$14),2)","v":15611.79}]
["B5","Licença Paternidade",null,null,6.9999999999999999E-4,{"$f":"ROUND(E21*SUMIF(PFP!$B$8:$B$14,\"MO1\",PFP!$J$8:$J$14),2)","v":97.57}]
["B6","Faltas Justificadas",null,null,7.4999999999999997E-3,{"$f":"ROUND(E22*SUMIF(PFP!$B$8:$B$14,\"MO1\",PFP!$J$8:$J$14),2)","v":1045.43}]
["B8","Auxílio Acidente de Trabalho",null,null,1.1000000000000001E-3,{"$f":"ROUND(E23*SUMIF(PFP!$B$8:$B$14,\"MO1\",PFP!$J$8:$J$14),2)","v":153.33000000000001}]
["B9","Férias Gozadas",null,null,0.12770000000000001,{"$f":"ROUND(E24*SUMIF(PFP!$B$8:$B$14,\"MO1\",PFP!$J$8:$J$14),2)","v":17800.23}]
["B10","Salário Maternidade",null,null,4.0000000000000002E-4,{"$f":"ROUND(E25*SUMIF(PFP!$B$8:$B$14,\"MO1\",PFP!$J$8:$J$14),2)","v":55.76}]
["C"," ENCARGOS SOCIAIS QUE NÃO RECEBEM INCIDÊNCIA DE \"A\"",null,null,{"$f":"ROUND(SUM(E27:E31),4)","v":8.1900000000000001E-2},{"$f":"ROUND(E26*SUMIF(PFP!$B$8:$B$14,\"MO1\",PFP!$J$8:$J$14),2)","v":11416.12}]
["C1","Aviso Prévio Indenizado",null,null,4.0599999999999997E-2,{"$f":"ROUND(E27*SUMIF(PFP!$B$8:$B$14,\"MO1\",PFP!$J$8:$J$14),2)","v":5659.27}]
["C2","Aviso Prévio Trabalhado",null,null,1E-3,{"$f":"ROUND(E28*SUMIF(PFP!$B$8:$B$14,\"MO1\",PFP!$J$8:$J$14),2)","v":139.38999999999999}]
["C3","Férias Indenizadas",null,null,1.6199999999999999E-2,{"$f":"ROUND(E29*SUMIF(PFP!$B$8:$B$14,\"MO1\",PFP!$J$8:$J$14),2)","v":2258.13}]
["C4","Depósito Rescisão Sem Justa Causa",null,null,2.07E-2,{"$f":"ROUND(E30*SUMIF(PFP!$B$8:$B$14,\"MO1\",PFP!$J$8:$J$14),2)","v":2885.39}]
["C5","Indenização Adicional",null,null,3.3999999999999998E-3,{"$f":"ROUND(E31*SUMIF(PFP!$B$8:$B$14,\"MO1\",PFP!$J$8:$J$14),2)","v":473.93}]
["D"," REINCIDÊNCIAS",null,null,{"$f":"ROUND(SUM(E33:E34),4)","v":0.19059999999999999},{"$f":"ROUND(E32*SUMIF(PFP!$B$8:$B$14,\"MO1\",PFP!$J$8:$J$14),2)","v":26567.919999999998}]
["D1","Reincidência de \"A\" sobre \"B\"",null,null,0.187,{"$f":"ROUND(E33*SUMIF(PFP!$B$8:$B$14,\"MO1\",PFP!$J$8:$J$14),2)","v":26066.11}]
["D2","Reincidência de \"A\" sobre Aviso Prévio Trabalhado e reincidência do FGTS sobre Aviso Prévio Indenizado",null,null,{"$f":"ROUND((E28*E8)+(E27*E16),4)","v":3.5999999999999999E-3},{"$f":"ROUND(E34*SUMIF(PFP!$B$8:$B$14,\"MO1\",PFP!$J$8:$J$14),2)","v":501.81}]
["K1a","ENCARGOS SOCIAIS",null,null,{"$f":"ROUND(E8+E18+E26+E32,4)","v":0.89880000000000004},{"$f":"ROUND(E35*SUMIF(PFP!$B$8:$B$14,\"MO1\",PFP!$J$8:$J$14),2)","v":125284.59}]
["Ka","TAXA DE RESSARCIMENTO DE DESPESAS E ENCARGOS SOBRE MO1",null,null,{"$f":"ROUND((1+E35+PFP3_FatorKd!E13)*(1+PFP3_FatorKd!E12)*(1+PFP3_FatorKd!E8),4)","v":2.4582999999999999}]
["OBSERVAÇÃO: CELETISTAS E EQUIVALENTES"]
["1 - DISCRIMINAR OS ENCARGOS SOCIAIS COM SEUS RESPECTIVOS PERCENTUAS TOTALIZANDO OS MESMOS. "]
["2 - APLICAR O  % TOTAL P/ CALCULAR OS E. SOCIAIS INCIDENTES NA MÃO-DE-OBRA CELETISTAS"]
["Ka - Taxa de Ressarcimento de Despesas e Encargos sobre a Mão de Obra CELETISTA (incide apenas no Insumo Codigo MO1)"]
["Ka = (1 + K1 + K2) x (1 + K3) x (1 + K4)"]

{"sheet":"PFP2.2_FatorKb","index":4,"n_rows":41,"n_cols":6,"rows_kept":41,"cut":false,"hidden":false,"merged":[[2,0,2,5],[3,0,3,5],[4,2,4,4],[5,0,5,1],[5,2,5,4],[6,1,6,3],[7,1,7,3],[8,1,8,3],[9,1,9,3],[10,1,10,3],[11,1,11,3],[12,1,12,3],[13,1,13,3],[14,1,14,3],[15,1,15,3],[22,1,22,3],[23,1,23,3],[24,1,24,3],[25,1,25,3],[16,1,16,3],[17,1,17,3],[18,1,18,3],[19,1,19,3],[20,1,20,3],[37,0,37,5],[38,0,38,5],[39,0,39,5],[40,0,40,5],[0,0,1,4],[31,1,31,3],[32,1,32,3],[33,1,33,3],[34,1,34,3],[35,1,35,3],[26,1,26,3],[27,1,27,3],[28,1,28,3],[29,1,29,3],[30,1,30,3],[21,1,21,3]]}
["DETALHAMENTO DOS ENCARGOS SOCIAIS: Kb",{"$nulls":4},"CODIGO:"]
[{"$nulls":5},"PFP-2.2"]
["NOME DA CONSULTORA:"]
[]
["PROJETO:",null,"CONTRATANTE:",null,null,{"$f":"PFP2.1_FatorKa!F5","v":"BASE:"}]
[{"$f":"PFP!A6","v":"CONTRATAÇÃO DE EMPRESA ESPECIALIZADA PARA A COMPLEMENTAÇÃO DOS ESTUDOS PRELIMINARES E CONSOLIDAÇÃO DO PROJETO RODOVIÁRIO DO RAMAL DO MANGA NO ESTADO AMAPÁ."},null,"CODEVASF (SEDE)"]
["Cod","DESCRIÇÃO",null,null,"%","R$"]
["A","ENCARGOS SOCIAIS BÁSICOS",null,null,{"$f":"ROUND(SUM(E9:E17),4)","v":0.2},{"$f":"ROUND(E8*SUMIF(PFP!$B$8:$B$14,\"MO2\",PFP!$J$8:$J$14),2)","v":0}]
["A1","INSS",null,null,0.2,{"$f":"ROUND(E9*SUMIF(PFP!$B$8:$B$14,\"MO2\",PFP!$J$8:$J$14),2)","v":0}]
["A2","SESI",null,null,0,{"$f":"ROUND(E10*SUMIF(PFP!$B$8:$B$14,\"MO2\",PFP!$J$8:$J$14),2)","v":0}]
["A3","SENAI",null,null,0,{"$f":"ROUND(E11*SUMIF(PFP!$B$8:$B$14,\"MO2\",PFP!$J$8:$J$14),2)","v":0}]
["A4","INCRA",null,null,0,{"$f":"ROUND(E12*SUMIF(PFP!$B$8:$B$14,\"MO2\",PFP!$J$8:$J$14),2)","v":0}]
["A5","SEBRAE",null,null,0,{"$f":"ROUND(E13*SUMIF(PFP!$B$8:$B$14,\"MO2\",PFP!$J$8:$J$14),2)","v":0}]
["A6","Salário Educação",null,null,0,{"$f":"ROUND(E14*SUMIF(PFP!$B$8:$B$14,\"MO2\",PFP!$J$8:$J$14),2)","v":0}]
["A7","Seguro Contra Acidentes de Trabalho",null,null,0,{"$f":"ROUND(E15*SUMIF(PFP!$B$8:$B$14,\"MO2\",PFP!$J$8:$J$14),2)","v":0}]
["A8","FGTS",null,null,0,{"$f":"ROUND(E16*SUMIF(PFP!$B$8:$B$14,\"MO2\",PFP!$J$8:$J$14),2)","v":0}]
["A9","SECONCI",null,null,0,{"$f":"ROUND(E17*SUMIF(PFP!$B$8:$B$14,\"MO2\",PFP!$J$8:$J$14),2)","v":0}]
["B"," ENCARGOS SOCIAIS QUE RECEBEM INCIDÊNCIA DE \"A\"",null,null,{"$f":"ROUND(SUM(E19:E25),4)","v":0},{"$f":"ROUND(E18*SUMIF(PFP!$B$8:$B$14,\"MO2\",PFP!$J$8:$J$14),2)","v":0}]
["B3","Auxílio Enfermidade",null,null,0,{"$f":"ROUND(E19*SUMIF(PFP!$B$8:$B$14,\"MO2\",PFP!$J$8:$J$14),2)","v":0}]
["B4","13º Salário",null,null,0,{"$f":"ROUND(E20*SUMIF(PFP!$B$8:$B$14,\"MO2\",PFP!$J$8:$J$14),2)","v":0}]
["B5","Licença Paternidade",null,null,0,{"$f":"ROUND(E21*SUMIF(PFP!$B$8:$B$14,\"MO2\",PFP!$J$8:$J$14),2)","v":0}]
["B6","Faltas Justificadas",null,null,0,{"$f":"ROUND(E22*SUMIF(PFP!$B$8:$B$14,\"MO2\",PFP!$J$8:$J$14),2)","v":0}]
["B8","Auxílio Acidente de Trabalho",null,null,0,{"$f":"ROUND(E23*SUMIF(PFP!$B$8:$B$14,\"MO2\",PFP!$J$8:$J$14),2)","v":0}]
["B9","Férias Gozadas",null,null,0,{"$f":"ROUND(E24*SUMIF(PFP!$B$8:$B$14,\"MO2\",PFP!$J$8:$J$14),2)","v":0}]
["B10","Salário Maternidade",null,null,0,{"$f":"ROUND(E25*SUMIF(PFP!$B$8:$B$14,\"MO2\",PFP!$J$8:$J$14),2)","v":0}]
["C"," ENCARGOS SOCIAIS QUE NÃO RECEBEM INCIDÊNCIA DE \"A\"",null,null,{"$f":"ROUND(SUM(E27:E31),4)","v":0},{"$f":"ROUND(E26*SUMIF(PFP!$B$8:$B$14,\"MO2\",PFP!$J$8:$J$14),2)","v":0}]
["C1","Aviso Prévio Indenizado",null,null,0,{"$f":"ROUND(E27*SUMIF(PFP!$B$8:$B$14,\"MO2\",PFP!$J$8:$J$14),2)","v":0}]
["C2","Aviso Prévio Trabalhado",null,null,0,{"$f":"ROUND(E28*SUMIF(PFP!$B$8:$B$14,\"MO2\",PFP!$J$8:$J$14),2)","v":0}]
["C3","Férias Indenizadas",null,null,0,{"$f":"ROUND(E29*SUMIF(PFP!$B$8:$B$14,\"MO2\",PFP!$J$8:$J$14),2)","v":0}]
["C4","Depósito Rescisão Sem Justa Causa",null,null,0,{"$f":"ROUND(E30*SUMIF(PFP!$B$8:$B$14,\"MO2\",PFP!$J$8:$J$14),2)","v":0}]
["C5","Indenização Adicional",null,null,0,{"$f":"ROUND(E31*SUMIF(PFP!$B$8:$B$14,\"MO2\",PFP!$J$8:$J$14),2)","v":0}]
["D"," REINCIDÊNCIAS",null,null,{"$f":"ROUND(SUM(E33:E34),4)","v":0},{"$f":"ROUND(E32*SUMIF(PFP!$B$8:$B$14,\"MO2\",PFP!$J$8:$J$14),2)","v":0}]
["D1","Reincidência de \"A\" sobre \"B\"",null,null,{"$f":"ROUND(E8*E18,4)","v":0},{"$f":"ROUND(E33*SUMIF(PFP!$B$8:$B$14,\"MO2\",PFP!$J$8:$J$14),2)","v":0}]
["D2","Reincidência de \"A\" sobre Aviso Prévio Trabalhado e reincidência do FGTS sobre Aviso Prévio Indenizado",null,null,{"$f":"ROUND(E8*E28,4)+ROUND(E27*E11,4)","v":0},{"$f":"ROUND(E34*SUMIF(PFP!$B$8:$B$14,\"MO2\",PFP!$J$8:$J$14),2)","v":0}]
["K1b","ENCARGOS SOCIAIS",null,null,{"$f":"ROUND(E8+E18+E26+E32,4)","v":0.2},{"$f":"ROUND(E35*SUMIF(PFP!$B$8:$B$14,\"MO2\",PFP!$J$8:$J$14),2)","v":0}]
["Kb","TAXA DE RESSARCIMENTO DE DESPESAS E ENCARGOS SOBRE MO2",null,null,{"$f":"ROUND((1+E35+PFP3_FatorKd!E13)*(1+PFP3_FatorKd!E12)*(1+PFP3_FatorKd!E8),4)","v":1.5868}]
["OBSERVAÇÃO: AUTÔNOMOS E EQUIVALENTES"]
["1 - DISCRIMINAR OS ENCARGOS SOCIAIS COM SEUS RESPECTIVOS PERCENTUAS TOTALIZANDO OS MESMOS. "]
["2 - APLICAR O % TOTAL P/ CALCULAR OS E. SOCIAIS INCIDENTES NA MÃO-DE-OBRA AUTONÔMOS"]
["Kb - Taxa de Ressarcimento de Despesas e Encargos sobre a Mão de Obra AUTONÔMA (incide apenas no Insumo Codigo MO2)"]
["Kb = (1 + K1 + K2) x (1 + K3) x (1 + K4)"]

{"sheet":"PFP2.3_FatorKc","index":5,"n_rows":41,"n_cols":6,"rows_kept":41,"cut":false,"hidden":false,"merged":[[2,0,2,5],[3,0,3,5],[4,2,4,4],[5,0,5,1],[5,2,5,4],[6,1,6,3],[7,1,7,3],[8,1,8,3],[9,1,9,3],[10,1,10,3],[11,1,11,3],[12,1,12,3],[13,1,13,3],[14,1,14,3],[15,1,15,3],[22,1,22,3],[23,1,23,3],[24,1,24,3],[25,1,25,3],[16,1,16,3],[17,1,17,3],[18,1,18,3],[19,1,19,3],[20,1,20,3],[37,0,37,5],[38,0,38,5],[39,0,39,5],[40,0,40,5],[0,0,1,4],[31,1,31,3],[32,1,32,3],[33,1,33,3],[34,1,34,3],[35,1,35,3],[26,1,26,3],[27,1,27,3],[28,1,28,3],[29,1,29,3],[30,1,30,3],[21,1,21,3]]}
["DETALHAMENTO DOS ENCARGOS SOCIAIS: Kc",{"$nulls":4},"CODIGO:"]
[{"$nulls":5},"PFP-2.3"]
["NOME DA CONSULTORA:"]
[]
["PROJETO:",null,"CONTRATANTE:",null,null,{"$f":"PFP2.2_FatorKb!F5","v":"BASE:"}]
[{"$f":"PFP!A6","v":"CONTRATAÇÃO DE EMPRESA ESPECIALIZADA PARA A COMPLEMENTAÇÃO DOS ESTUDOS PRELIMINARES E CONSOLIDAÇÃO DO PROJETO RODOVIÁRIO DO RAMAL DO MANGA NO ESTADO AMAPÁ."},null,"CODEVASF (SEDE)"]
["Cod","DESCRIÇÃO",null,null,"%","R$"]
["A","ENCARGOS SOCIAIS BÁSICOS",null,null,{"$f":"SUM(E9:E17)","v":0},{"$f":"ROUND(E8*SUMIF(PFP!$B$8:$B$14,\"MO3\",PFP!$J$8:$J$14),2)","v":0}]
["A1","INSS",null,null,0,{"$f":"ROUND(E9*SUMIF(PFP!$B$8:$B$14,\"MO3\",PFP!$J$8:$J$14),2)","v":0}]
["A2","SESI",null,null,0,{"$f":"ROUND(E10*SUMIF(PFP!$B$8:$B$14,\"MO3\",PFP!$J$8:$J$14),2)","v":0}]
["A3","SENAI",null,null,0,{"$f":"ROUND(E11*SUMIF(PFP!$B$8:$B$14,\"MO3\",PFP!$J$8:$J$14),2)","v":0}]
["A4","INCRA",null,null,0,{"$f":"ROUND(E12*SUMIF(PFP!$B$8:$B$14,\"MO3\",PFP!$J$8:$J$14),2)","v":0}]
["A5","SEBRAE",null,null,0,{"$f":"ROUND(E13*SUMIF(PFP!$B$8:$B$14,\"MO3\",PFP!$J$8:$J$14),2)","v":0}]
["A6","Salário Educação",null,null,0,{"$f":"ROUND(E14*SUMIF(PFP!$B$8:$B$14,\"MO3\",PFP!$J$8:$J$14),2)","v":0}]
["A7","Seguro Contra Acidentes de Trabalho",null,null,0,{"$f":"ROUND(E15*SUMIF(PFP!$B$8:$B$14,\"MO3\",PFP!$J$8:$J$14),2)","v":0}]
["A8","FGTS",null,null,0,{"$f":"ROUND(E16*SUMIF(PFP!$B$8:$B$14,\"MO3\",PFP!$J$8:$J$14),2)","v":0}]
["A9","SECONCI",null,null,0,{"$f":"ROUND(E17*SUMIF(PFP!$B$8:$B$14,\"MO3\",PFP!$J$8:$J$14),2)","v":0}]
["B"," ENCARGOS SOCIAIS QUE RECEBEM INCIDÊNCIA DE \"A\"",null,null,{"$f":"ROUND(SUM(E19:E25),4)","v":0},{"$f":"ROUND(E18*SUMIF(PFP!$B$8:$B$14,\"MO3\",PFP!$J$8:$J$14),2)","v":0}]
["B3","Auxílio Enfermidade",null,null,0,{"$f":"ROUND(E19*SUMIF(PFP!$B$8:$B$14,\"MO3\",PFP!$J$8:$J$14),2)","v":0}]
["B4","13º Salário",null,null,0,{"$f":"ROUND(E20*SUMIF(PFP!$B$8:$B$14,\"MO3\",PFP!$J$8:$J$14),2)","v":0}]
["B5","Licença Paternidade",null,null,0,{"$f":"ROUND(E21*SUMIF(PFP!$B$8:$B$14,\"MO3\",PFP!$J$8:$J$14),2)","v":0}]
["B6","Faltas Justificadas",null,null,0,{"$f":"ROUND(E22*SUMIF(PFP!$B$8:$B$14,\"MO3\",PFP!$J$8:$J$14),2)","v":0}]
["B8","Auxílio Acidente de Trabalho",null,null,0,{"$f":"ROUND(E23*SUMIF(PFP!$B$8:$B$14,\"MO3\",PFP!$J$8:$J$14),2)","v":0}]
["B9","Férias Gozadas",null,null,0,{"$f":"ROUND(E24*SUMIF(PFP!$B$8:$B$14,\"MO3\",PFP!$J$8:$J$14),2)","v":0}]
["B10","Salário Maternidade",null,null,0,{"$f":"ROUND(E25*SUMIF(PFP!$B$8:$B$14,\"MO3\",PFP!$J$8:$J$14),2)","v":0}]
["C"," ENCARGOS SOCIAIS QUE NÃO RECEBEM INCIDÊNCIA DE \"A\"",null,null,{"$f":"ROUND(SUM(E27:E31),4)","v":0},{"$f":"ROUND(E26*SUMIF(PFP!$B$8:$B$14,\"MO3\",PFP!$J$8:$J$14),2)","v":0}]
["C1","Aviso Prévio Indenizado",null,null,0,{"$f":"ROUND(E27*SUMIF(PFP!$B$8:$B$14,\"MO3\",PFP!$J$8:$J$14),2)","v":0}]
["C2","Aviso Prévio Trabalhado",null,null,0,{"$f":"ROUND(E28*SUMIF(PFP!$B$8:$B$14,\"MO3\",PFP!$J$8:$J$14),2)","v":0}]
["C3","Férias Indenizadas",null,null,0,{"$f":"ROUND(E29*SUMIF(PFP!$B$8:$B$14,\"MO3\",PFP!$J$8:$J$14),2)","v":0}]
["C4","Depósito Rescisão Sem Justa Causa",null,null,0,{"$f":"ROUND(E30*SUMIF(PFP!$B$8:$B$14,\"MO3\",PFP!$J$8:$J$14),2)","v":0}]
["C5","Indenização Adicional",null,null,0,{"$f":"ROUND(E31*SUMIF(PFP!$B$8:$B$14,\"MO3\",PFP!$J$8:$J$14),2)","v":0}]
["D"," REINCIDÊNCIAS",null,null,{"$f":"ROUND(SUM(E33:E34),4)","v":0},{"$f":"ROUND(E32*SUMIF(PFP!$B$8:$B$14,\"MO3\",PFP!$J$8:$J$14),2)","v":0}]
["D1","Reincidência de \"A\" sobre \"B\"",null,null,{"$f":"ROUND(E8*E18,4)","v":0},{"$f":"ROUND(E33*SUMIF(PFP!$B$8:$B$14,\"MO3\",PFP!$J$8:$J$14),2)","v":0}]
["D2","Reincidência de \"A\" sobre Aviso Prévio Trabalhado e reincidência do FGTS sobre Aviso Prévio Indenizado",null,null,{"$f":"ROUND(E8*E28,4)+ROUND(E27*E11,4)","v":0},{"$f":"ROUND(E34*SUMIF(PFP!$B$8:$B$14,\"MO3\",PFP!$J$8:$J$14),2)","v":0}]
["K1c","ENCARGOS SOCIAIS",null,null,{"$f":"ROUND(E8+E18+E26+E32,4)","v":0},{"$f":"ROUND(E35*SUMIF(PFP!$B$8:$B$14,\"MO3\",PFP!$J$8:$J$14),2)","v":0}]
["Kc","TAXA DE RESSARCIMENTO DE DESPESAS E ENCARGOS SOBRE MO3",null,null,{"$f":"ROUND((1+E35+PFP3_FatorKd!E13)*(1+PFP3_FatorKd!E12)*(1+PFP3_FatorKd!E8),4)","v":1.3373999999999999}]
["OBSERVAÇÃO: SOCIETÁRIOS E EQUIVALENTES"]
["1 - DISCRIMINAR OS ENCARGOS SOCIAIS COM SEUS RESPECTIVOS PERCENTUAS TOTALIZANDO OS MESMOS. "]
["2 - APLICAR O % TOTAL P/ CALCULAR OS E. SOCIAIS INCIDENTES NA MÃO-DE-OBRA DE SOCIETÁRIOS"]
["Kc - Taxa de Ressarcimento de Despesas e Encargos sobre a Mão de Obra SOCIETÁRIA (incide apenas no Insumo Codigo MO3)"]
["Kc = (1 + K1 + K2) x (1 + K3) x (1 + K4)"]

{"sheet":"PFP3_FatorKd","index":6,"n_rows":35,"n_cols":16382,"rows_kept":35,"cut":false,"hidden":false,"merged":[[7,1,7,2],[8,1,8,2],[9,1,9,2],[10,1,10,2],[2,0,2,5],[3,0,3,5],[4,2,4,4],[5,0,5,1],[5,2,5,4],[34,0,34,5],[25,0,25,5],[26,0,26,5],[27,0,27,5],[28,0,28,5],[29,0,29,5],[0,0,1,4],[30,0,30,5],[31,0,31,5],[32,0,32,5],[33,0,33,5],[16,1,16,3],[21,0,21,5],[22,0,22,5],[23,0,23,5],[24,0,24,5],[11,1,11,3],[12,1,12,3],[13,1,13,3],[14,1,14,3],[15,1,15,3],[6,1,6,2]]}
["DESPESAS FISCAIS E CUSTOS DIVERSOS: Kd",{"$nulls":4},"CODIGO:"]
[{"$nulls":5},"PFP-3"]
["NOME DA CONSULTORA:"]
[]
["PROJETO:",null,"CONTRATANTE:",null,null,{"$f":"PFP2.3_FatorKc!F5","v":"BASE:"}]
[{"$f":"PFP!A6","v":"CONTRATAÇÃO DE EMPRESA ESPECIALIZADA PARA A COMPLEMENTAÇÃO DOS ESTUDOS PRELIMINARES E CONSOLIDAÇÃO DO PROJETO RODOVIÁRIO DO RAMAL DO MANGA NO ESTADO AMAPÁ."},null,"CODEVASF (SEDE)"]
["Cod","DESCRIÇÃO1",null,"% preço2","% custo4","R$"]
["K4","TRIBUTOS",null,{"$f":"ROUND(D9+D10+D11,4)","v":0.124},{"$f":"ROUND(E9+E10+E11,4)","v":0.1416},{"$f":"E8*SUM(SUMIF(PFP!$B$8:$B$14,\"MO1\",PFP!$J$8:$J$14)*(1+PFP2.1_FatorKa!$E$35)+SUMIF(PFP!$B$8:$B$14,\"MO2\",PFP!$J$8:$J$14)*(1+PFP2.2_FatorKb!$E$35)+SUMIF(PFP!$B$8:$B$14,\"<>MO*\",PFP!$J$8:$J$14)+$F$13+$F$12)","v":42768.978665095681}]
["K4.1","ISS",null,0.05,{"$f":"ROUND((1/(1-$D$8))*D9,4)","v":5.7099999999999998E-2},{"$f":"E9*SUM(SUMIF(PFP!$B$8:$B$14,\"MO1\",PFP!$J$8:$J$14)*(1+PFP2.1_FatorKa!$E$35)+SUMIF(PFP!$B$8:$B$14,\"MO2\",PFP!$J$8:$J$14)*(1+PFP2.2_FatorKb!$E$35)+SUMIF(PFP!$B$8:$B$14,\"<>MO*\",PFP!$J$8:$J$14)+$F$13+$F$12)","v":17246.530238537875}]
["K4.2","PIS3 - aliquota efetiva aplicavel percentual-desconto",null,{"$f":"ROUND(1.65%*0.8,4)","v":1.32E-2},{"$f":"ROUND((1/(1-$D$8))*D10,4)","v":1.5100000000000001E-2},{"$f":"E10*SUM(SUMIF(PFP!$B$8:$B$14,\"MO1\",PFP!$J$8:$J$14)*(1+PFP2.1_FatorKa!$E$35)+SUMIF(PFP!$B$8:$B$14,\"MO2\",PFP!$J$8:$J$14)*(1+PFP2.2_FatorKb!$E$35)+SUMIF(PFP!$B$8:$B$14,\"<>MO*\",PFP!$J$8:$J$14)+$F$13+$F$12)","v":4560.8162277044121}]
["K4.3","COFINS3 - aliquota efetiva aplicavel percentual-desconto",null,{"$f":"ROUND(7.6%*0.8,4)","v":6.08E-2},{"$f":"ROUND((1/(1-$D$8))*D11,4)","v":6.9400000000000003E-2},{"$f":"E11*SUM(SUMIF(PFP!$B$8:$B$14,\"MO1\",PFP!$J$8:$J$14)*(1+PFP2.1_FatorKa!$E$35)+SUMIF(PFP!$B$8:$B$14,\"MO2\",PFP!$J$8:$J$14)*(1+PFP2.2_FatorKb!$E$35)+SUMIF(PFP!$B$8:$B$14,\"<>MO*\",PFP!$J$8:$J$14)+$F$13+$F$12)","v":20961.632198853393}]
["K3","REMUNERAÇÃO DA EMPRESA (LUCRO)",null,null,{"$f":"(0.6*12%)+(0.4*5.11%)","v":9.2439999999999994E-2},{"$f":"E12*SUM(SUMIF(PFP!$B$8:$B$14,\"MO1\",PFP!$J$8:$J$14)*(1+PFP2.1_FatorKa!$E$35)+SUMIF(PFP!$B$8:$B$14,\"MO2\",PFP!$J$8:$J$14)*(1+PFP2.2_FatorKb!$E$35)+SUMIF(PFP!$B$8:$B$14,\"<>MO*\",PFP!$J$8:$J$14)+$F$13)","v":25558.06493374912},{"$nulls":16375},"OBS:"]
["K2","CUSTOS DA ADMINISTRAÇÃO CENTRAL",null,null,{"$f":"ROUND(SUM(E14:E16),4)","v":7.2400000000000006E-2},{"$f":"ROUND(E13*SUMIF(PFP!$B$8:$B$14,\"MO*\",PFP!$J$8:$J$14),2)","v":11807.19},{"$nulls":16375},"Para o item K3 (remuneração da empresa – lucro) componente "]
["K2.1","Custos da administração central da empresa (diretoria, pessoal técnico de apoio e pessoal administrativo não diretamente vinculado à prestação dos serviços)",null,null,0.04,{"$f":"ROUND(E14*SUMIF(PFP!$B$8:$B$14,\"MO*\",PFP!$J$8:$J$14),2)","v":6523.31},{"$nulls":16375},"do Fator Kd, considerou-se a média ponderada de 60% para consultoria de engenharia "]
["K2.2","Outras despesas que afetam o custo de produção como treinamento, biblioteca, programa de qualidade, programa de benefícios, auditoria interna e externa",null,null,0.02,{"$f":"ROUND(E15*SUMIF(PFP!$B$8:$B$14,\"MO*\",PFP!$J$8:$J$14),2)","v":3261.65},{"$nulls":16375},"(lucro de 12%, conforme Tabela de Consultoria de Engenharia do Dnit-Out/2022) e 40% para "]
["K2.3","Despesas fixas e variaveis com patrimônio, aluguéis, comunicação, manutenção e transporte não diretamente relacionados com o custo direto dos serviços",null,null,1.24E-2,{"$f":"ROUND(E16*SUMIF(PFP!$B$8:$B$14,\"MO*\",PFP!$J$8:$J$14),2)","v":2022.23},{"$nulls":16375},"fornecimento de material (lucro de 5,11%, quartil médio conforme o Acórdão 2622/2013 do TCU)."]
["Kd","TAXA RESSARCIMENTO DE DESPESAS SOBRE CUSTOS DIVERSOS",null,null,{"$f":"ROUND((1+E12)*(1+E8),4)","v":1.2471000000000001}]
["NOME DO INFORMANTE:",null,null,null,"QUALIFICAÇÃO:",{"$nulls":16376},"Os sub-índices componentes do K2 estão conforme o Relatório de \"Consolidação de Custos Gerais e BDI\""]
[{"$nulls":16381}," da Tabela Consultiva do DNIT-Out/2022."]
["ASSINATURA:",null,null,null,"DATA:"]
[]
["Observação:"]
["1 - RELACIONAR OS CUSTOS DE ADMINISTRAÇÃO COM RESPECTIVOS PERCENTUAIS INCIDENTES NA MÃO -DE-OBRA"]
["1 - DISCRIMINAR OS TRIBUTOS QUE INCIDEM SOBRE OS CUSTOS DA PRESTAÇÃO DOS SERVIÇOS"]
["2 - K4 = INDICAR % DE CADA TRIBUTO E A SOMA DOS MESMOS (ex: ISS 5% + PIS 1,65% + COFINS 7,60% = 14,25%)"]
["3 - PIS e COFINS, Regime de Incidencia Acumulativa (0,65% e 3,00% - sem percentual de desconto) ou em Regime de Incidencia Não Acumulativa (1,65% e 7,60% - aplicável percentual de desconto) de acordo com a forma de apuração do lucro no IRPJ. APRESENTAR COMPROVANTES de aproveitamento de créditos tributários dos últimos 12 meses em caso de aplicação de \"percentual de desconto\"."]
["4 - AS DESPESAS FISCAIS (K4) INCIDEM SOBRE O TOTAL DA FATURA E NÃO SOBRE OS CUSTOS INCORRIDOS, "]
["     DEVENDO SER CALCULADO O K4' APLICANDO-SE A SEGUINTE FÓRMULA:"]
["     K4' = { [ 1 / ( 1 - K4) ] - 1 } x 100"]
[{"$f":"CONCATENATE(\"     K4' = { [ 1 / ( 1 - \",D8,\" ) ] - 1 } x 100\")","v":"     K4' = { [ 1 / ( 1 - 0,124 ) ] - 1 } x 100"}]
["Kc - Taxa de Ressarcimento de Despesas sobre Custos Diversos (incide sobre os Insumos Codigo DP e EM)"]
["Kc = (1 + K3) x (1 + K4)"]
["K2 - Incide sobre o Custo Total (CT) da Mão de Obra (MO* = MO1 + MO2)"]
["K3 - Incide sobre o Custo Total (CT) Mão de Obra com encargos (MO1 x Ka ou MO2 x Kb), demais Custos (DP e EM), e Custos da Administração Central (K2)"]
["K4 -  Incide sobre o Custo Total (CT) Mão de Obra com encargos (MO1 x Ka ou MO2 x Kb), demais Custos (DP e EM), e Custos da Administração Central (K2) e Lucro (K3)"]

{"sheet":"CRO1_Ins-Pro","index":7,"n_rows":79,"n_cols":11,"rows_kept":79,"cut":false,"hidden":false,"merged":[[0,9,0,10],[1,9,1,10],[28,7,28,10],[76,0,76,10],[77,0,77,8],[2,0,3,0],[11,0,12,0],[2,1,3,1],[11,1,12,1],[2,2,3,2],[2,3,3,3],[2,4,3,4],[2,5,3,5],[0,0,1,8]]}
["INSUMOS POR ETAPA/PRODUTO",{"$nulls":8},"CÓDIGO:"]
[{"$nulls":9},"CRO-1"]
["Cod.","Categoria / Insumo","Uni","Qde","CUD","PU","FatorK","1.Mob","2.EP","3.PB","4.PE"]
[{"$nulls":6},"Meses",{"$f":"COUNTA('CRO2_Ins-Mes'!F46:Q46)-COUNTIF('CRO2_Ins-Mes'!F46:Q46,0)","v":0},{"$f":"COUNTA('CRO2_Ins-Mes'!F55:Q55)-COUNTIF('CRO2_Ins-Mes'!F55:Q55,0)","v":0},{"$f":"COUNTA('CRO2_Ins-Mes'!F64:Q64)-COUNTIF('CRO2_Ins-Mes'!F64:Q64,0)","v":0}]
[{"$f":"PFP!C8","v":"P0"},{"$f":"PFP!D8","v":"Engenheiro coordenador (P8061)"},"mês",{"$f":"SUM(H5:K5)","v":1.4},{"$f":"PFP!G8","v":16922.669999999998},{"$f":"PFP!H8","v":22632.38},{"$f":"PFP!I8","v":1.3373999999999999},{"$f":"'CRO2_Ins-Mes'!E35","v":0.2},{"$f":"'CRO2_Ins-Mes'!E39","v":0.2},{"$f":"'CRO2_Ins-Mes'!E48","v":0.60000000000000009},{"$f":"'CRO2_Ins-Mes'!E57","v":0.4}]
[{"$f":"PFP!C9","v":"P2"},{"$f":"PFP!D9","v":"Engenheiro pleno (P8066)"},"mês",{"$f":"SUM(H6:K6)","v":5.5},{"$f":"PFP!G9","v":11127.03},{"$f":"PFP!H9","v":27353.58},{"$f":"PFP!I9","v":2.4582999999999999},{"$f":"'CRO2_Ins-Mes'!E36","v":0.5},{"$f":"'CRO2_Ins-Mes'!E40","v":1.25},{"$f":"'CRO2_Ins-Mes'!E49","v":2},{"$f":"'CRO2_Ins-Mes'!E58","v":1.75}]
[{"$f":"PFP!C10","v":"P3"},{"$f":"PFP!D10","v":"Engenheiro júnior (P8065)"},"mês",5,{"$f":"PFP!G10","v":10302},{"$f":"PFP!H10","v":25325.41},{"$f":"PFP!I10","v":2.4582999999999999},null,{"$f":"'CRO2_Ins-Mes'!E41","v":1.25},{"$f":"'CRO2_Ins-Mes'!E50","v":2},{"$f":"'CRO2_Ins-Mes'!E59","v":1.75}]
[{"$f":"PFP!C11","v":"T1"},{"$f":"PFP!D11","v":"Técnico de projetos/obra (P8147)"},"mês",5,{"$f":"PFP!G11","v":3038.5},{"$f":"PFP!H11","v":7469.54},{"$f":"PFP!I11","v":2.4582999999999999},null,{"$f":"'CRO2_Ins-Mes'!E42","v":1.25},{"$f":"'CRO2_Ins-Mes'!E51","v":2},{"$f":"'CRO2_Ins-Mes'!E60","v":1.75}]
[{"$f":"PFP!C12","v":"D"},{"$f":"PFP!D12","v":"Desenhista (P9848)"},"mês",3.75,{"$f":"PFP!G12","v":3063.9445999999998},{"$f":"PFP!H12","v":7532.1},{"$f":"PFP!I12","v":2.4582999999999999},null,{"$f":"'CRO2_Ins-Mes'!E43","v":0},{"$f":"'CRO2_Ins-Mes'!E52","v":2},{"$f":"'CRO2_Ins-Mes'!E61","v":1.75}]
[{"$f":"PFP!C13","v":"TOP"},{"$f":"PFP!D13","v":"Serviços Cartográficos"},"un",1,{"$f":"PFP!G13","v":"-"},{"$f":"PFP!H13","v":83271.819999999992},{"$f":"PFP!I13","v":"-"},null,{"$f":"'CRO2_Ins-Mes'!F44","v":0.4},{"$f":"'CRO2_Ins-Mes'!E53","v":0.4},{"$f":"'CRO2_Ins-Mes'!E62","v":0.2}]
[{"$f":"PFP!C14","v":"GEO"},{"$f":"PFP!D14","v":"Serviços Geotécnicos"},"un",1,{"$f":"PFP!G14","v":"-"},{"$f":"PFP!H14","v":90105.090000000011},{"$f":"PFP!I14","v":"-"},null,{"$f":"'CRO2_Ins-Mes'!F45","v":0.4},{"$f":"'CRO2_Ins-Mes'!E54","v":0.4},{"$f":"'CRO2_Ins-Mes'!E63","v":0.2}]
["TOTAL","VALOR TOTAL POR PRODUTO","R$",547727.05700000003,null,null,null,{"$f":"(H5*$F$5+H6*$F$6+H7*$F$7+H8*$F$8+H9*$F$9+H10*$F$10+H11*$F$11)","v":18203.266000000003},{"$f":"(I5*$F$5+I6*$F$6+I7*$F$7+I8*$F$8+I9*$F$9+I10*$F$10+I11*$F$11)","v":149062.90250000003},{"$f":"(J5*$F$5+J6*$F$6+J7*$F$7+J8*$F$8+J9*$F$9+J10*$F$10+J11*$F$11)","v":218291.45199999999},{"$f":"(K5*$F$5+K6*$F$6+K7*$F$7+K8*$F$8+K9*$F$9+K10*$F$10+K11*$F$11)","v":162169.43650000001}]
[null,null,"%",1,null,null,null,{"$f":"ROUND(H12/$D$12,5)","v":3.3230000000000003E-2},{"$f":"ROUND(I12/$D$12,5)","v":0.27215},{"$f":"ROUND(J12/$D$12,5)","v":0.39854000000000001},{"$f":"ROUND(K12/$D$12,5)","v":0.29608000000000001}]
{"$rows_empty":62}
["OBSERVAÇÃO:"]
["P - Profissionais nível superior nas áreas de Engenharia, Química, Arquitetura, Agronomia e Veterinária, conforme disposições da Lei 4.950-A/66"]
["T - Profissionais de nível médio técnico nas diversas áreas de atuação"]
["D - Profissionais de nível médio de apoio técnico"]

{"sheet":"CRO2_Ins-Mes","index":8,"n_rows":65,"n_cols":17,"rows_kept":65,"cut":false,"hidden":false,"merged":[[0,0,1,16]]}
["CRONOGRAMA SIMPLIFICADO"]
[]
["Cod1","Cod2","Produtos","Uni","Qde",1,2,3,4,5,6,7,8,9,10,11,12]
[1,1,"Mobilização e Relatório de Planejamento dos Serviços",null,{"$f":"SUM(F4:Q4)","v":1},1]
[null,"1.1","Mobilização e Relatório de Planejamento dos Serviços","mês",{"$f":"SUM(F5:Q5)","v":1},1]
[]
[2,2,"Estudos Preliminares",null,{"$f":"SUM(F7:Q7)","v":1},{"$f":"SUBTOTAL(4,F8:F12)","v":1},0,0,0,0,0,0,0,0,0,0,0]
["2","2.1","Estudos de Tráfego","mês",{"$f":"SUM(F8:Q8)","v":1},1]
["2","2.2","Estudos Topográficos","mês",{"$f":"SUM(F9:Q9)","v":1},1]
["2","2.3","Estudos Geotécnicos","mês",1,1]
["2","2.4","Estudos Geológicos","mês",1,1]
["2","2.5","Estudos Hidrológicos ","mês",1,1]
[]
["3","3","Estudos de Campo e Projeto Básico",null,{"$f":"SUM(F14:Q14)","v":3},{"$f":"SUBTOTAL(4,F15:F21)","v":0},1,1,1,0,0,0,0,0,0,0,0]
["3","3.1","Projeto Geométrico ","mês",{"$f":"SUM(F15:Q15)","v":1},null,1]
["3","3.2","Projeto de Terraplenagem","mês",1,null,1]
["3","3.3","Projeto de Drenagem e OAC","mês",1,null,null,1]
["3","3.4","Projeto de Pavimentação e Paisagismo","mês",2,null,null,1,1]
["3","3.5","Projetos de OAEs","mês",1,null,null,1]
["3","3.7","Projeto de Sinalização e Segurança Viária","mês",1,null,null,null,1]
["3","3.8","Orçamento e Plano de Execução da Obra","mês",1,null,null,null,1]
[]
["4","4","Elaboração do Projeto Executivo",null,{"$f":"SUM(F23:Q23)","v":2},{"$f":"SUBTOTAL(4,F24:F30)","v":0},0,0,0,1,1,0,0,0,0,0,0]
["4","4.1","Projeto Geométrico","mês",{"$f":"SUM(F24:Q24)","v":1},{"$nulls":4},1]
["4","4.2","Projeto de Terraplenagem e Paisagismo","mês",1,{"$nulls":4},1]
["4","4.3","Projeto de Drenagem e OAC","mês",1,{"$nulls":4},1]
["4","4.4","Projeto de Pavimentação","mês",1,{"$nulls":5},1]
["4","4.5","Projetos de OAEs","mês",1,{"$nulls":5},1]
["4","4.7","Projeto de Sinalização e Segurança Viária","mês",1,{"$nulls":5},1]
["4","4.8","Orçamento e Plano de Execução da Obra","mês",1,{"$nulls":5},1]
[]
["Total","Total","Balanço Temporal","mês",6,{"$f":"SUBTOTAL(4,F8:F30)","v":1},1,1,1,1,1,0,0,0,0,0,0]
["Cod1","Cod2","Insumos","Uni","Qde",1,2,3,4,5,6,7,8,9,10,11,12]
[1,1,"Mobilização e Relatório de Planejamento dos Serviços"]
[1,{"$f":"PFP!C8","v":"P0"},{"$f":"PFP!D8","v":"Engenheiro coordenador (P8061)"},"mês",{"$f":"SUM(F35:Q35)","v":0.2},0.2]
[1,{"$f":"PFP!C9","v":"P2"},{"$f":"PFP!D9","v":"Engenheiro pleno (P8066)"},"mês",{"$f":"SUM(F36:Q36)","v":0.5},0.5]
[]
[2,2,"Estudos Preliminares"]
[2,{"$f":"PFP!C8","v":"P0"},{"$f":"PFP!D8","v":"Engenheiro coordenador (P8061)"},{"$f":"PFP!E8","v":"mês"},{"$f":"SUM(F39:Q39)","v":0.2},0.2]
[2,{"$f":"PFP!C9","v":"P2"},{"$f":"PFP!D9","v":"Engenheiro pleno (P8066)"},{"$f":"PFP!E9","v":"mês"},{"$f":"SUM(F40:Q40)","v":1.25},1.25]
[2,{"$f":"PFP!C10","v":"P3"},{"$f":"PFP!D10","v":"Engenheiro júnior (P8065)"},{"$f":"PFP!E10","v":"mês"},1.25,1.25]
[2,{"$f":"PFP!C11","v":"T1"},{"$f":"PFP!D11","v":"Técnico de projetos/obra (P8147)"},{"$f":"PFP!E11","v":"mês"},1.25,1.25]
[2,{"$f":"PFP!C12","v":"D"},{"$f":"PFP!D12","v":"Desenhista (P9848)"},{"$f":"PFP!E12","v":"mês"},{"$f":"SUM(F43:Q43)","v":0}]
[2,{"$f":"PFP!C13","v":"TOP"},{"$f":"PFP!D13","v":"Serviços Cartográficos"},"um",{"$f":"SUM(F44:Q44)","v":0.4},0.4]
[2,{"$f":"PFP!C14","v":"GEO"},{"$f":"PFP!D14","v":"Serviços Geotécnicos"},"um",0.4,0.4]
[]
[3,3,"Estudos de Campo e Projeto Básico"]
[3,{"$f":"PFP!C8","v":"P0"},{"$f":"PFP!D8","v":"Engenheiro coordenador (P8061)"},{"$f":"PFP!E8","v":"mês"},{"$f":"SUM(F48:Q48)","v":0.60000000000000009},null,0.2,0.2,0.2]
[3,{"$f":"PFP!C9","v":"P2"},{"$f":"PFP!D9","v":"Engenheiro pleno (P8066)"},{"$f":"PFP!E9","v":"mês"},{"$f":"SUM(F49:Q49)","v":2},null,0.5,0.75,0.75]
[3,{"$f":"PFP!C10","v":"P3"},{"$f":"PFP!D10","v":"Engenheiro júnior (P8065)"},{"$f":"PFP!E10","v":"mês"},2,null,0.5,0.75,0.75]
[3,{"$f":"PFP!C11","v":"T1"},{"$f":"PFP!D11","v":"Técnico de projetos/obra (P8147)"},{"$f":"PFP!E11","v":"mês"},2,null,0.5,0.75,0.75]
[3,{"$f":"PFP!C12","v":"D"},{"$f":"PFP!D12","v":"Desenhista (P9848)"},{"$f":"PFP!E12","v":"mês"},2,null,0.5,0.75,0.75]
[3,{"$f":"PFP!C13","v":"TOP"},{"$f":"PFP!D13","v":"Serviços Cartográficos"},{"$f":"PFP!E13","v":"un"},0.4,null,0.2,0.2]
[3,{"$f":"PFP!C14","v":"GEO"},{"$f":"PFP!D14","v":"Serviços Geotécnicos"},{"$f":"PFP!E14","v":"un"},0.4,null,0.2,0.2]
[]
[4,4,"Elaboração do Projeto Executivo"]
[4,{"$f":"PFP!C8","v":"P0"},{"$f":"PFP!D8","v":"Engenheiro coordenador (P8061)"},{"$f":"PFP!E8","v":"mês"},{"$f":"SUM(F57:Q57)","v":0.4},{"$nulls":4},0.2,0.2]
[4,{"$f":"PFP!C9","v":"P2"},{"$f":"PFP!D9","v":"Engenheiro pleno (P8066)"},{"$f":"PFP!E9","v":"mês"},{"$f":"SUM(F58:Q58)","v":1.75},{"$nulls":4},0.75,1]
[4,{"$f":"PFP!C10","v":"P3"},{"$f":"PFP!D10","v":"Engenheiro júnior (P8065)"},{"$f":"PFP!E10","v":"mês"},1.75,{"$nulls":4},0.75,1]
[4,{"$f":"PFP!C11","v":"T1"},{"$f":"PFP!D11","v":"Técnico de projetos/obra (P8147)"},{"$f":"PFP!E11","v":"mês"},1.75,{"$nulls":4},0.75,1]
[4,{"$f":"PFP!C12","v":"D"},{"$f":"PFP!D12","v":"Desenhista (P9848)"},{"$f":"PFP!E12","v":"mês"},1.75,{"$nulls":4},0.75,1]
[4,{"$f":"PFP!C13","v":"TOP"},{"$f":"PFP!D13","v":"Serviços Cartográficos"},"um",0.2,{"$nulls":4},0.2]
[4,{"$f":"PFP!C14","v":"GEO"},{"$f":"PFP!D14","v":"Serviços Geotécnicos"},"um",{"$f":"SUM(F63:Q63)","v":0.2},{"$nulls":4},0.2]
[]
["Total",null,"Balanço de Insumos",null,null,{"$f":"SUBTOTAL(2,F39:F64)","v":6},7,7,5,7,5,0,0,0,0,0,0]

{"sheet":"CRONOGRAMA FIS-FIN","index":9,"n_rows":19,"n_cols":15,"rows_kept":19,"cut":false,"hidden":false,"merged":[[16,0,16,1],[1,0,1,9],[1,10,1,14],[2,0,2,14],[13,0,13,1],[14,0,14,1],[15,0,15,1]]}
[]
["ELABORAÇÃO DOS ESTUDOS PRELIMINARES E CONSOLIDAÇÃO DO PROJETO RODOVIÁRIO DO RAMAL DO MANGA NO ESTADO AMAPÁ.",{"$nulls":9},"CODEVASF (11ª SR - AP)"]
["Cronograma Físico e Financeiro "]
["Item","Descrição","Total Por Etapa","15 DIAS","15 DIAS","15 DIAS","15 DIAS","15 DIAS","15 DIAS","15 DIAS","15 DIAS","15 DIAS","15 DIAS","15 DIAS","15 DIAS"]
[null,{"$f":"'[1]CRO2_Ins-Mes'!C4","v":"Mobilização e Relatório de Planejamento dos Serviços"},1,1]
[null,null,{"$f":"'CRO1_Ins-Pro'!H12","v":18203.266000000003},{"$f":"$C$6*D5","v":18203.266000000003}]
[null,{"$f":"'[1]CRO2_Ins-Mes'!C7","v":"Estudos Preliminares"},1,null,0.5,0.5]
[null,null,{"$f":"'CRO1_Ins-Pro'!I12","v":149062.90250000003},null,{"$f":"$C$8*E7","v":74531.451250000013},{"$f":"$C$8*F7","v":74531.451250000013}]
[null,{"$f":"'[1]CRO2_Ins-Mes'!C13","v":"Estudos de Campo e Projeto Básico"},1,null,null,null,0.16666666666666669,0.16666666666666669,0.16666666666666669,0.16666666666666669,0.16666666666666669,0.16666666666666669]
[null,null,{"$f":"'CRO1_Ins-Pro'!J12","v":218291.45199999999},null,null,null,{"$f":"$C$10*G9","v":36381.90866666667},36381.90866666667,36381.90866666667,36381.90866666667,36381.90866666667,36381.90866666667]
[null,{"$f":"'[1]CRO2_Ins-Mes'!C22","v":"Elaboração do Projeto Executivo"},1,{"$nulls":8},{"$f":"1/4","v":0.25},{"$f":"1/4","v":0.25},{"$f":"1/4","v":0.25},0.25]
[null,null,{"$f":"'CRO1_Ins-Pro'!K12","v":162169.43650000001},{"$nulls":8},{"$f":"$C$12*L11","v":40542.359125000003},{"$f":"$C$12*M11","v":40542.359125000003},40542.359125000003,40542.359125000003]
[]
["Porcentagem",null,null,{"$f":"SUM(D6+D10+D12+D8)/$O$19","v":3.3234191678794503E-2},{"$f":"SUM(E6+E10+E12+E8)/$O$19","v":0.13607407247365544},0.13607407247365544,6.6423427876535712E-2,6.6423427876535712E-2,6.6423427876535712E-2,6.6423427876535712E-2,6.6423427876535712E-2,0.1404427019052058,7.401927402867009E-2,7.401927402867009E-2,7.401927402867009E-2]
["Custo",null,null,{"$f":"$O$19*D14","v":18203.266000000003},{"$f":"$O$19*E14","v":74531.451250000013},{"$f":"$O$19*F14","v":74531.451250000013},36381.90866666667,36381.90866666667,36381.90866666667,36381.90866666667,36381.90866666667,76924.267791666673,40542.359125000003,40542.359125000003,40542.359125000003]
["Porcentagem Acumulado",null,null,{"$f":"D14","v":3.3234191678794503E-2},{"$f":"D16+E14","v":0.16930826415244993},{"$f":"E16+F14","v":0.30538233662610537},0.37180576450264108,0.43822919237917679,0.50465262025571245,0.5710760481322481,0.63749947600878376,0.77794217791398956,0.85196145194265971,0.92598072597132974,0.99999999999999978]
["Custo Acumulado",null,null,{"$f":"D15","v":18203.266000000003},{"$f":"D17+E15","v":92734.717250000016},167266.16850000003,203648.07716666668,240029.98583333334,276411.89449999999,312793.80316666665,349175.71183333331,426099.97962499998,466642.33875,507184.69787500001,547727.05700000003]
[]
[null,null,null,"Total Geral",{"$nulls":9},"R$",{"$f":"C6+C8+C10+C12","v":547727.05700000003}]